[Event "Alto Sangro op 10th"]
[Site "Castel di Sangro "]
[Date "2010.12.05"]
[Round "5"]
[White "Bottega, Antonio"]
[Black "Stoja, Rocco"]
[Result "1/2-1/2"]
[WhiteElo "1956"]
[BlackElo "1776"]
[PlyCount "74"]
[EventDate "2010.12.03"]
[EventType "swiss"]
[EventRounds "6"]
[EventCountry "ITA"]
[SourceTitle "EXT 2012"]
[Source "ChessBase"]
[SourceDate "2011.11.24"]
[SourceVersion "1"]
[SourceVersionDate "2011.11.24"]
[SourceQuality "1"]

1. e4 c5 2. Nf3 d6 3. d4 cxd4 4. Nxd4 Nf6 5. Nc3 g6 6. Be3 Bg7 7. f3 Nc6 8. Qd2 0-0 9. 0-0-0 Bd7 10. h4 Rb8 11. h5 Nxh5 12. g4 Ng3 13. Rh3 Nxf1 14. Rxf1 Nxd4 15. Bxd4 Bxd4 16. Qxd4 f6 17. Rfh1 h5 18. R3h2 Qb6 19. Qd2 Kf7 20. gxh5 gxh5 21. Rxh5 Be6 22. Rh7+ Ke8 23. f4 Kd7 24. f5 Bf7 25. Nd5 Bxd5 26. Qxd5 Rbe8 27. Qe6+ Kd8 28. b3 Rg8 29. R7h3 Kc7 30. Rc3+ Kb8 31. Rhh3 a6 32. Rc4 Qa5 33. b4 Qe5 34. Rhc3 Qxe6 35. fxe6 Rc8 36. Kd2 Rxc4 37. Rxc4 Rg5 1/2-1/2

[Event "Campobasso op 12th"]
[Site "Campobasso"]
[Date "2005.07.10"]
[Round "6"]
[White "Stromboli, Carlo"]
[Black "Bottega, Antonio"]
[Result "1-0"]
[WhiteElo "2053"]
[BlackElo "2086"]
[PlyCount "73"]
[EventDate "2005.07.08"]
[EventType "swiss"]
[EventRounds "6"]
[EventCountry "ITA"]
[SourceTitle "EXT 2007"]
[Source "ChessBase"]
[SourceDate "2006.11.23"]
[SourceVersion "1"]
[SourceVersionDate "2006.11.23"]
[SourceQuality "1"]

1. e4 c5 2. Nf3 e6 3. Nc3 Nc6 4. d4 cxd4 5. Nxd4 Qc7 6. Be3 Nf6 7. Be2 Bb4 8. Ndb5 Qb8 9. 0-0 a6 10. a3 Be7 11. Nd4 0-0 12. f4 d6 13. Nb3 b5 14. g4 Bb7 15. g5 Nd7 16. Rf3 Re8 17. h4 Qc7 18. h5 Rac8 19. Rh3 Nf8 20. Qe1 b4 21. Na4 d5 22. Nac5 d4 23. Bd2 bxa3 24. bxa3 Ra8 25. Nxb7 Qxb7 26. Bd3 e5 27. f5 Qd7 28. Qg3 f6 29. g6 Bd6 30. Bc4+ Kh8 31. Kg2 Ne7 32. Bf7 Rec8 33. h6 Rxc2 34. hxg7+ Kxg7 35. gxh7+ Kxf7 36. h8Q Nxf5 37. Qh5+ 1-0

[Event "Campobasso op 12th"]
[Site "Campobasso"]
[Date "2005.07.08"]
[Round "1"]
[White "Bottega, Antonio"]
[Black "Leveque, Sergio"]
[Result "0-1"]
[WhiteElo "1812"]
[BlackElo "2109"]
[PlyCount "38"]
[EventDate "2005.07.08"]
[EventType "swiss"]
[EventRounds "6"]
[EventCountry "ITA"]
[SourceTitle "EXT 2007"]
[Source "ChessBase"]
[SourceDate "2006.11.23"]
[SourceVersion "1"]
[SourceVersionDate "2006.11.23"]
[SourceQuality "1"]

1. c4 e5 2. g3 Nc6 3. Bg2 f5 4. Nc3 Nf6 5. d3 Bc5 6. Nh3 0-0 7. 0-0 d6 8. Na4 Qe8 9. Nxc5 dxc5 10. Qd2 f4 11. Ng5 Qh5 12. gxf4 exf4 13. Qxf4 Nd4 14. Bf3 Bg4 15. Kh1 h6 16. Ne4 Nxf3 17. Nxf6+ Rxf6 18. Qxc7 Nd4 19. f3 Nxe2 0-1